01577nam a2200217Ia 4500003000400000005001700004008004000021040000700061041000800068082001600076100003100092245003200123260004600155300000800201520096500209690002801174906001101202942001201213999001701225952011701242OSt20260223094840.0210210b1970 xxu||||| |||| 00| 0 eng d cAL aeng a823.91 CONC aArthur Conan Doyle9256399 aCase book of Sherloc Holmes aN YbBerkley Publishing Corporationc1970 a254 a"His career has been a long one," Arthur Conan Doyle notes of his immortal creation, Sherlock Holmes. Doyle made his observation in the 1920s, when the detective had already been thrilling readers for 40 years, and he modestly attributed his hero's success to "the patience and loyalty of the British public." Nearly a century later, the fictional sleuth continues to captivate imaginations around the world and to inspire modern-day reinterpretations. By the twentieth century Doyle had moved on to other literary endeavors but the public demand for further adventures of the Baker Street sleuth proved irresistible. The Casebook of Sherlock Holmes is the last such work to be regarded as canon, a collection of stories written before other writers claimed the character and his associates as their own. Here are a dozen tales of passion, revenge, greed, and murder&;the final adventures of the great detective, as recounted by the master storyteller himself. aEnglish Fiction9256400 a029665 2ddccBK c80879d80879 00102ddc40708ENGaALbALcSSSd2021-02-17g0.00l0o823.91 CONCp029665r2021-02-17 00:00:00w2021-02-17yBK